[Event "Fagernes op"]
[Site "Fagernes"]
[Date "2024.03.31"]
[Round "9"]
[White "Moreby, James"]
[Black "Kenneskog, Theodor"]
[Result "1/2-1/2"]
[WhiteElo "2260"]
[BlackElo "2358"]
[PlyCount "72"]
[EventDate "2024.03.24"]
[EventType "swiss"]
[EventRounds "9"]
[EventCountry "NOR"]
[SourceTitle "CB14_2024"]
[SourceDate "2024.04.01"]
[SourceVersion "1"]
[SourceVersionDate "2024.04.01"]
[SourceQuality "1"]

1. c4 e6 2. g3 d5 3. Bg2 Nf6 4. Nf3 d4 5. 0-0 c5 6. e3 Nc6 7. exd4 cxd4 8. d3 h6 9. Re1 Nd7 10. b3 Bb4 11. Re2 Bc5 12. Na3 0-0 13. Nc2 a5 14. a3 e5 15. Rb1 Re8 16. Qe1 Bf8 17. b4 axb4 18. axb4 Ra2 19. Bb2 Qb6 20. Bxd4 Nxd4 21. Nfxd4 Rd8 22. Nb5 Nf6 23. Ne3 Ra4 24. Qc3 Bd7 25. Qxe5 Rxb4 26. Rxb4 Bxb4 27. Rb2 Qa5 28. Nc2 Bf8 29. Qc3 Qxc3 30. Nxc3 Bf5 31. Nd5 Bxd3 32. Nce3 Nd7 33. Rxb7 Ne5 34. Nb6 Bc5 35. Bd5 Rd6 36. Nc8 Ra6 1/2-1/2

[Event "EU-Cup 37th"]
[Site "Mayrhofen"]
[Date "2022.10.09"]
[Round "7.4"]
[White "Alonso Rosell, Alvar"]
[Black "Kenneskog, Theodor"]
[Result "1-0"]
[WhiteElo "2563"]
[BlackElo "2320"]
[PlyCount "51"]
[EventDate "2022.10.03"]
[EventType "team-swiss"]
[EventRounds "7"]
[EventCountry "AUT"]
[SourceTitle "CBM 210 Extra"]
[Source "ChessBase"]
[SourceDate "2022.11.30"]
[SourceVersion "1"]
[SourceVersionDate "2022.11.30"]
[SourceQuality "1"]
[WhiteTeam "Silla Valencia"]
[BlackTeam "Umea Rockaden"]
[WhiteTeamCountry "ESP"]
[BlackTeamCountry "SWE"]

1. d4 Nf6 2. c4 g6 3. Nf3 Bg7 4. Nc3 d5 5. e3 0-0 6. cxd5 Nxd5 7. Bc4 Nb6 8. Bb3 c5 9. 0-0 cxd4 10. exd4 Nc6 11. d5 Na5 12. Re1 Bg4 13. h3 Bxf3 14. Qxf3 Nxb3 15. axb3 Bxc3 16. bxc3 Qxd5 17. Qxd5 Nxd5 18. c4 Nb4 19. Rxe7 Nc6 20. Rxb7 Rfb8 21. Rxb8+ Rxb8 22. Ra3 Nd4 23. Be3 Nxb3 24. c5 a5 25. c6 a4 26. Rxa4 1-0

[Event "Mirandela op 3rd"]
[Site "Mirandela"]
[Date "2022.08.18"]
[Round "3"]
[White "Martinez Reyes, Pedro Ramon"]
[Black "Kenneskog, Theodor"]
[Result "1/2-1/2"]
[WhiteElo "2408"]
[BlackElo "2293"]
[PlyCount "79"]
[EventDate "2022.08.17"]
[EventType "swiss"]
[EventRounds "9"]
[EventCountry "POR"]
[SourceTitle "CBM 209 Extra"]
[Source "ChessBase"]
[SourceDate "2022.09.30"]
[SourceVersion "1"]
[SourceVersionDate "2022.09.30"]
[SourceQuality "1"]

1. Nf3 d5 2. g3 g6 3. d4 c6 4. Bg2 Nf6 5. 0-0 Bg7 6. b3 0-0 7. Bb2 a5 8. Nbd2 Bf5 9. c4 Ne4 10. Nxe4 Bxe4 11. e3 a4 12. Ba3 b5 13. cxb5 cxb5 14. Qe2 Qd7 15. Rfc1 Na6 16. bxa4 b4 17. Bb2 Qxa4 18. Bf1 Rfc8 19. Ne1 Rxc1 20. Rxc1 Qxa2 21. Ra1 Qb3 22. f3 Bf5 23. g4 Bd7 24. Qd2 Nc7 25. Rxa8+ Nxa8 26. Nd3 Qa4 27. Nc5 Qa7 28. Nxd7 Qxd7 29. Qxb4 Qc7 30. Ba3 Bf8 31. Qa4 Qb8 32. Qc6 e6 33. Bc5 Nc7 34. Bb6 Ne8 35. Bc5 Nd6 36. Qb6 Qxb6 37. Bxb6 f5 38. Bc7 Be7 39. Bxd6 Bxd6 40. gxf5 1/2-1/2

[Event "SWE-chT 2122 Elite"]
[Site "Sweden"]
[Date "2022.04.09"]
[Round "6"]
[White "Kenneskog, Theodor"]
[Black "Olund, Joar"]
[Result "0-1"]
[WhiteElo "2307"]
[BlackElo "2349"]
[PlyCount "68"]
[EventDate "2021.12.03"]
[EventType "team-tourn"]
[EventRounds "9"]
[EventCountry "SWE"]
[SourceTitle "EXT 2024"]
[Source "ChessBase"]
[SourceDate "2023.10.10"]
[SourceVersion "1"]
[SourceVersionDate "2023.10.10"]
[SourceQuality "1"]
[WhiteTeam "Stockholm Rockaden"]
[BlackTeam "Stockholm CC"]
[WhiteTeamCountry "SWE"]
[BlackTeamCountry "SWE"]

1. e4 c6 2. Nf3 d5 3. d3 Bg4 4. h3 Bxf3 5. Qxf3 e6 6. g3 g6 7. Bg2 Bg7 8. 0-0 Nd7 9. Qe2 Ne7 10. Nd2 0-0 11. Nf3 e5 12. b3 h6 13. Bb2 Qc7 14. c4 dxe4 15. dxe4 Nc5 16. Rfd1 Rfd8 17. h4 Ne6 18. Bh3 Nd4 19. Nxd4 exd4 20. Qd2 c5 21. f4 Nc6 22. e5 Re8 23. Rf1 Re7 24. Rae1 Rae8 25. Qf2 Bxe5 26. fxe5 Nxe5 27. Bg2 Nd3 28. Rxe7 Rxe7 29. Qd2 Qxg3 30. Ba3 Qe3+ 31. Rf2 Nxf2 32. Qxf2 d3 33. Bxc5 Qxf2+ 34. Kxf2 Re2+ 0-1

[Event "EU-ch 22nd"]
[Site "Terme Catez"]
[Date "2022.04.06"]
[Round "11"]
[White "Kenneskog, Theodor"]
[Black "Pozun, Matej"]
[Result "0-1"]
[WhiteElo "2354"]
[BlackElo "2168"]
[PlyCount "88"]
[EventDate "2022.03.27"]
[EventType "swiss"]
[EventRounds "11"]
[EventCountry "SLO"]
[SourceTitle "CBM 208"]
[Source "ChessBase"]
[SourceDate "2022.06.30"]
[SourceVersion "1"]
[SourceVersionDate "2022.06.30"]
[SourceQuality "1"]

1. e4 c5 2. Nf3 Nc6 3. d4 cxd4 4. Nxd4 Nf6 5. Nc3 e5 6. Ndb5 d6 7. Nd5 Nxd5 8. exd5 Nb8 9. a4 Be7 10. Bd2 0-0 11. Be2 Nd7 12. a5 f5 13. 0-0 f4 14. Re1 a6 15. Nc3 Bh4 16. b4 b5 17. g3 fxg3 18. hxg3 Bg5 19. Bxg5 Qxg5 20. Ne4 Qe7 21. c4 Nf6 22. Bf1 bxc4 23. Rc1 Nxe4 24. Rxe4 Qf7 25. Qd2 Bb7 26. Bxc4 Rac8 27. Re3 Qf5 28. Rec3 e4 29. Bb3 Rce8 30. Re3 Re5 31. Qe2 Qh3 32. Qf1 Qh5 33. Rce1 Rfe8 34. b5 axb5 35. Qxb5 Bc8 36. Bd1 Qf7 37. a6 Rf8 38. R1e2 Bg4 39. Rd2 Bxd1 40. a7 Bf3 41. Qb8 Ree8 42. Rb2 Qh5 43. Rxf3 exf3 44. Qxe8 Qxe8 0-1

[Event "Kragero op"]
[Site "Kragero"]
[Date "2022.02.27"]
[Round "9"]
[White "Kenneskog, Theodor"]
[Black "Aulin Jansson, Joran"]
[Result "1/2-1/2"]
[WhiteElo "2344"]
[BlackElo "2214"]
[PlyCount "79"]
[EventDate "2022.02.23"]
[EventType "swiss"]
[EventRounds "9"]
[EventCountry "NOR"]
[SourceTitle "CBM 207 Extra"]
[Source "ChessBase"]
[SourceDate "2022.05.31"]
[SourceVersion "1"]
[SourceVersionDate "2022.05.31"]
[SourceQuality "1"]

1. e4 e6 2. d4 d5 3. Nc3 Bb4 4. e5 c5 5. a3 Bxc3+ 6. bxc3 Qc7 7. h4 b6 8. h5 h6 9. Bb5+ Bd7 10. Bd3 Ne7 11. Kf1 Nbc6 12. Qg4 cxd4 13. cxd4 0-0-0 14. Ne2 f6 15. exf6 gxf6 16. Qh4 e5 17. Qxf6 Rdf8 18. Qh4 Nf5 19. Ba6+ Kb8 20. Qh2 Nfxd4 21. Nxd4 Nxd4 22. Bb2 Rf4 23. Qxf4 exf4 24. Bxd4 Re8 25. Bd3 f3 26. g3 Qc8 27. Rh4 Bf5 28. Bb5 Re7 29. Kg1 Qxc2 30. a4 Bd3 31. Rf4 Bxb5 32. axb5 Qd2 33. Kh2 Qd3 34. Rf8+ Kb7 35. Bf6 Re2 36. Rf7+ Kc8 37. Raxa7 Rxf2+ 38. Kh3 Qf1+ 39. Kg4 Qc4+ 40. Kh3 1/2-1/2

[Event "Kragero op"]
[Site "Kragero"]
[Date "2022.02.25"]
[Round "6"]
[White "Melaa, Sondre Lillestol"]
[Black "Kenneskog, Theodor"]
[Result "0-1"]
[WhiteElo "2138"]
[BlackElo "2344"]
[PlyCount "84"]
[EventDate "2022.02.23"]
[EventType "swiss"]
[EventRounds "9"]
[EventCountry "NOR"]
[SourceTitle "CBM 207 Extra"]
[Source "ChessBase"]
[SourceDate "2022.05.31"]
[SourceVersion "1"]
[SourceVersionDate "2022.05.31"]
[SourceQuality "1"]

1. d4 Nf6 2. c4 e6 3. g3 d5 4. Nf3 Be7 5. Bg2 0-0 6. 0-0 dxc4 7. Na3 Bxa3 8. bxa3 b5 9. a4 a6 10. Ba3 Re8 11. Ne5 Nd5 12. e4 Nb6 13. Qh5 f6 14. a5 fxe5 15. axb6 cxb6 16. dxe5 Qd7 17. f4 Qf7 18. Qe2 Nd7 19. Rad1 Nc5 20. f5 Bb7 21. Bh3 exf5 22. exf5 Qc7 23. e6 Qc6 24. Bxc5 bxc5 25. Bg2 Qxg2+ 26. Qxg2 Bxg2 27. Kxg2 Rad8 28. Kf3 c3 29. Ke4 b4 30. g4 c4 31. Rxd8 Rxd8 32. g5 b3 33. f6 Rb8 34. Kd5 b2 35. Kd6 Rb6+ 36. Kd7 Rb7+ 37. Ke8 Rb8+ 38. Ke7 gxf6 39. gxf6 c2 40. f7+ Kg7 41. Rg1+ Kh6 42. Rg8 b1Q 0-1

[Event "Sitges Sunway op 8th"]
[Site "Sitges"]
[Date "2021.12.17"]
[Round "5"]
[White "Karthikeyan, Murali"]
[Black "Kenneskog, Theodor"]
[Result "1-0"]
[WhiteElo "2630"]
[BlackElo "2307"]
[PlyCount "71"]
[EventDate "2021.12.13"]
[EventType "swiss"]
[EventRounds "10"]
[EventCountry "ESP"]
[SourceTitle "CBM 205 Extra"]
[Source "ChessBase"]
[SourceDate "2022.01.31"]
[SourceVersion "1"]
[SourceVersionDate "2022.01.31"]
[SourceQuality "1"]

1. e4 e5 2. Nf3 Nc6 3. Bb5 a6 4. Ba4 Nf6 5. d3 b5 6. Bb3 Bc5 7. Nc3 h6 8. a4 b4 9. Nd5 Na5 10. Ba2 Nxd5 11. Bxd5 c6 12. Ba2 d6 13. 0-0 0-0 14. h3 Be6 15. Bxe6 fxe6 16. c3 bxc3 17. bxc3 Bb6 18. Rb1 Rb8 19. Be3 Bxe3 20. fxe3 c5 21. Qe2 Qd7 22. Rxb8 Rxb8 23. d4 Qc6 24. d5 exd5 25. Nh4 Qxa4 26. Nf5 Qxe4 27. Qh5 Kh7 28. Rf3 Rf8 29. Nxh6 g6 30. Qg5 Rxf3 31. gxf3 Qxf3 32. Ng4 Qg3+ 33. Kf1 Qf3+ 34. Ke1 Qh1+ 35. Kf2 Kg8 36. Qe7 1-0

[Event "Sitges Sunway op 8th"]
[Site "Sitges"]
[Date "2021.12.14"]
[Round "2"]
[White "Perez Garcia, Jimena"]
[Black "Kenneskog, Theodor"]
[Result "0-1"]
[WhiteElo "1826"]
[BlackElo "2307"]
[PlyCount "58"]
[EventDate "2021.12.13"]
[EventType "swiss"]
[EventRounds "10"]
[EventCountry "ESP"]
[SourceTitle "CBM 205 Extra"]
[Source "ChessBase"]
[SourceDate "2022.01.31"]
[SourceVersion "1"]
[SourceVersionDate "2022.01.31"]
[SourceQuality "1"]

1. d4 d5 2. c4 c6 3. Nc3 Nf6 4. Nf3 e6 5. e3 Nbd7 6. b3 Bb4 7. Bd2 Bd6 8. Qc2 0-0 9. Be2 dxc4 10. bxc4 c5 11. 0-0 b6 12. Rfd1 Bb7 13. a4 Rc8 14. Qb3 Ne4 15. Nxe4 Bxe4 16. Rac1 Bb8 17. Be1 Qc7 18. h3 f5 19. Qc3 Rf6 20. d5 exd5 21. cxd5 Bxf3 22. Bxf3 Qh2+ 23. Kf1 Ne5 24. e4 Re8 25. g3 Nxf3 26. Qxf3 Qxh3+ 27. Kg1 fxe4 28. Qg2 Qxg2+ 29. Kxg2 Be5 0-1

[Event "Castelldefels Llobregat op 2nd"]
[Site "Castelldefels"]
[Date "2021.12.02"]
[Round "3"]
[White "Kenneskog, Theodor"]
[Black "Santos Latasa, Jaime"]
[Result "0-1"]
[WhiteElo "2302"]
[BlackElo "2633"]
[PlyCount "88"]
[EventDate "2021.11.30"]
[EventType "swiss"]
[EventRounds "9"]
[EventCountry "ESP"]
[SourceTitle "CBM 205 Extra"]
[Source "ChessBase"]
[SourceDate "2022.01.31"]
[SourceVersion "1"]
[SourceVersionDate "2022.01.31"]
[SourceQuality "1"]

1. e4 c5 2. Nf3 d6 3. d4 cxd4 4. Nxd4 Nf6 5. Nc3 Nc6 6. Bg5 e6 7. Qd3 Bd7 8. 0-0-0 a6 9. f4 Be7 10. Nf3 Qa5 11. Qe3 b5 12. Bxf6 gxf6 13. Kb1 b4 14. Ne2 f5 15. exf5 Qxf5 16. Ng3 Qa5 17. f5 0-0-0 18. Bc4 d5 19. Bb3 Qc5 20. Qxc5 Bxc5 21. fxe6 fxe6 22. Ba4 Rhg8 23. Rhe1 Kc7 24. Bxc6 Kxc6 25. Nd4+ Bxd4 26. Rxd4 a5 27. Rh4 Rdf8 28. Rxh7 Rf2 29. Rh6 Rxg2 30. b3 Rf8 31. Re2 Rxe2 32. Nxe2 Kc5 33. Rh7 Bb5 34. Nc1 e5 35. h4 e4 36. h5 d4 37. Re7 d3 38. cxd3 exd3 39. Re5+ Kc6 40. Re6+ Kd5 41. Re1 Kd4 42. h6 d2 43. Rh1 Re8 44. h7 dxc1Q+ 0-1

[Event "Fagernes op"]
[Site "Fagernes"]
[Date "2021.10.15"]
[Round "7"]
[White "Kenneskog, Theodor"]
[Black "Baskin, Robert"]
[Result "1/2-1/2"]
[WhiteElo "2309"]
[BlackElo "2398"]
[PlyCount "77"]
[EventDate "2021.10.10"]
[EventType "swiss"]
[EventRounds "9"]
[EventCountry "NOR"]
[SourceTitle "CBM 204 Extra"]
[Source "ChessBase"]
[SourceDate "2021.11.30"]
[SourceVersion "1"]
[SourceVersionDate "2021.11.30"]
[SourceQuality "1"]

1. e4 c5 2. Nf3 d6 3. d4 cxd4 4. Nxd4 Nf6 5. Nc3 a6 6. Be3 e5 7. Nb3 Be6 8. f3 h5 9. Qd2 Nbd7 10. Nd5 Bxd5 11. exd5 g6 12. 0-0-0 Nb6 13. Kb1 Nbxd5 14. Bg5 Be7 15. c4 Nb6 16. Na5 0-0 17. h4 e4 18. Qf4 Nbd7 19. Nxb7 Qb6 20. Nxd6 Rab8 21. b3 Rfd8 22. c5 Nxc5 23. Bc4 Rxd6 24. Rxd6 Qxd6 25. Qxd6 Bxd6 26. Bxf6 Re8 27. Re1 Kf8 28. Kc2 a5 29. a4 Nd3 30. Rxe4 Ne1+ 31. Kd1 Rxe4 32. fxe4 Nxg2 33. Ke2 Bb4 34. Kf2 Ne1 35. Ke2 Ng2 36. Kf3 Ne1+ 37. Ke3 Nc2+ 38. Kd3 Ne1+ 39. Ke2 1/2-1/2

[Event "Fagernes op"]
[Site "Fagernes"]
[Date "2021.10.12"]
[Round "4"]
[White "Stremavicius, Titas"]
[Black "Kenneskog, Theodor"]
[Result "1-0"]
[WhiteElo "2487"]
[BlackElo "2309"]
[PlyCount "69"]
[EventDate "2021.10.10"]
[EventType "swiss"]
[EventRounds "9"]
[EventCountry "NOR"]
[SourceTitle "CBM 204 Extra"]
[Source "ChessBase"]
[SourceDate "2021.11.30"]
[SourceVersion "1"]
[SourceVersionDate "2021.11.30"]
[SourceQuality "1"]

1. c4 e6 2. Nc3 d5 3. d4 c5 4. e3 Nf6 5. Nf3 Nc6 6. cxd5 exd5 7. Bb5 cxd4 8. Nxd4 Bd7 9. 0-0 Bd6 10. Nf3 Bg4 11. b3 0-0 12. Be2 Rc8 13. Bb2 Bb8 14. Nb5 Re8 15. Rc1 a6 16. Nbd4 Qd6 17. Nxc6 bxc6 18. g3 c5 19. Nh4 Bh3 20. Re1 g5 21. Ng2 Ne4 22. Bg4 Bxg4 23. Qxg4 Qe6 24. Qh5 Qf5 25. f3 Nf6 26. Nh4 Nxh5 27. Nxf5 Be5 28. Ba3 f6 29. Red1 Kf7 30. Rxd5 Ke6 31. e4 Red8 32. Rcxc5 Rxc5 33. Rxd8 Rc2 34. Rh8 Rxa2 35. Rxh7 1-0

[Event "Fagernes op"]
[Site "Fagernes"]
[Date "2021.10.10"]
[Round "1"]
[White "Kenneskog, Theodor"]
[Black "Eliseev, Sergey1111"]
[Result "1-0"]
[WhiteElo "2309"]
[BlackElo "2041"]
[PlyCount "127"]
[EventDate "2021.10.10"]
[EventType "swiss"]
[EventRounds "9"]
[EventCountry "NOR"]
[SourceTitle "CBM 204 Extra"]
[Source "ChessBase"]
[SourceDate "2021.11.30"]
[SourceVersion "1"]
[SourceVersionDate "2021.11.30"]
[SourceQuality "1"]

1. e4 c5 2. Nf3 d6 3. d4 Nf6 4. Nc3 cxd4 5. Nxd4 a6 6. Be3 e5 7. Nb3 Be6 8. f3 h5 9. Qd2 Nbd7 10. Nd5 Bxd5 11. exd5 g6 12. 0-0-0 Nb6 13. Kb1 Nfxd5 14. Bf2 Nf6 15. Bh4 Rc8 16. Na5 Na4 17. Bxf6 Qxf6 18. Nxb7 Rc6 19. Qb4 Qf4 20. c4 Nc5 21. Nxc5 Rxc5 22. Qa4+ Ke7 23. Qxa6 Kf6 24. Rxd6+ Kg7 25. Rd1 Be7 26. Qb7 Qf6 27. Bd3 e4 28. Qxe4 Rb8 29. Qe2 Re5 30. Qc2 Ra5 31. Be4 Rb6 32. Rd5 Ra4 33. b3 Ba3 34. c5 Rc4 35. cxb6 Rxc2 36. Kxc2 Qxb6 37. Rd2 f5 38. Bd5 Bb4 39. Rhd1 Qa5 40. a4 Bxd2 41. Rxd2 Qc7+ 42. Bc4 Qxh2 43. a5 Qc7 44. a6 h4 45. Rd4 Kf6 46. f4 Qc6 47. Rd5 g5 48. a7 gxf4 49. Ra5 Qxg2+ 50. Kc3 Qa8 51. Bd5 Qc8+ 52. Kb2 Kg5 53. a8Q Qxa8 54. Rxa8 Kg4 55. Rg8+ Kh3 56. b4 Kh2 57. Rg2+ Kh3 58. b5 f3 59. Rf2 f4 60. Rxf3+ Kh2 61. Rxf4 h3 62. b6 Kg3 63. Rf7 h2 64. b7 1-0